| 000 | 00340 a2200145 4500 | ||
|---|---|---|---|
| 001 | 167105 | ||
| 020 | _a | ||
| 040 | _cMagnum | ||
| 100 | _aDeleuze, Gilles | ||
| 240 | 1 | 0 |
_aMil platos: capitalismo e esquizofrenia/v.4 _lpor |
| 245 | 1 | 0 | _aMil platos: capitalismo e esquizofrenia/v.4 |
| 362 | 0 | _a1899 | |
| 697 | _aFILOSOFIA | ||
| 942 | _cBK | ||
| 999 |
_c167105 _d167105 |
||